000 01189cab a22001935a 4500
001 L152960
008 110518e20110513xxk 000 0 eng d
035 _a(Sirsi) u152960
041 0 _aeng
100 1 _aUnger, Paul
245 0 0 _aMarkets
_bGreater Manchester
260 _c2011
490 0 _aProperty Week
_v77(19) 13 May 2011, 41-52(6)
520 _aTrafford Council plans to return Royal London Asset Management's Davenport Green site to green belt status. Realty Estates purchases the BBC's 327 000 sq ft office and studio building New Broadcasting House in Manchester. Take-up of offices in Manchester city centre in Q1 2011 has fallen by 60% from Q1 2010 levels. Guardian Media Group's Trafford Park printing facilities goes to market in May. Manufacturers Holroyd Precision and Tygavac to consider relocating to Rochdale's Kingway Business Park. LPA receivers achieve improvement in Stockport's Merseyway shopping centre's fortunes. Enterprise Zone status on its own cannot guarantee large-scale development at Manchester's Airport City.
590 _aKA
651 4 _aGreater Manchester
690 _aPROPERTY-COMMERCIAL PROPERTY-COMMERCIAL PROPERTY MARKET
942 _n0
999 _c83147
_d83147